000 00804nam a2200253Ia 4500
003 OSt
005 20220928130800.0
006 a|||||r|||| 00| 0
007 ta
008 220927b |||||||| |||| 00| 0 eng d
020 _c8683.6000000000004
024 _a119449
037 _b28, 22/08/2013, Pioneer Book Distributors
_cTextual
040 _aSDCL
_cSDCL
_beng
041 _2eng
_aeng
082 _aX9B, Q3
100 _aRoy Satyaki
_9456132
245 0 _aSmall and medium enterprises in India
_b Infirmities and asymmetries in industrial clusters
260 _aOxon
_bRoutledge
_c2013
300 _axxii;182p.
_ccm.
650 _aBusiness Economics
_9391653
942 _hX9B, Q3
_cTEXL
_2CC
999 _c788658
_d788658